000
00323 a2200157 4500
001
62299
020
_a
8526263072
040
_c
Anchieta - Pituba
240
1
0
_a
História Geral
_l
por
245
1
0
_a
História Geral
300
_a
543
362
0
_a
2006
440
1
_a
Scipione
650
4
_a
História do mundo
942
_c
BK
999
_c
62299
_d
62299